000 00420nam a2200145 i 4500
001 bg
100 1 _aKAŹMIERCZAK, Czesław
245 0 _aSkrypt do nauczania języka włoskiego dla Wydziału Mechanicznego... /
_cCzesław Kaźmierczak, Ewa Szczepaniak.
260 _aCzęstochowa,
_c1982.
700 1 _aSZCZEPANIAK, Ewa
040 _cBPK
041 _apol
942 _cKS
008 s pl f |000 0 pol
999 _c20939
_d20939
856 _uhttp://koha.tu.koszalin.pl/cgi-bin/koha/opac-detail.pl?biblionumber=20939
_yKatalog online BPK